| 000 | 00681nam a2200205 i 4500 | ||
|---|---|---|---|
| 001 | 45740 | ||
| 003 | ES-MaACL | ||
| 005 | 20240312170633.0 | ||
| 007 | t| | ||
| 008 | 030326s1912 sp d |||| | spa d | ||
| 100 | 1 |
_aCommelerán y Gómez, Francisco A. _940015 |
|
| 245 | 1 | 0 |
_aDiccionario clásico-etimológico latino-español / _cpor Francisco A. Commerlerán y Gómez. |
| 250 | _a2ª ed. | ||
| 260 |
_aMadrid : _bPerlado, Paez y Cía., _c1912. |
||
| 300 |
_aXXX, 1510 p. ; _c30 cm. |
||
| 650 | 0 | 4 |
_aLengua latina- _vDiccionarios- _xEspañol. _914295 |
| 650 | 7 |
_aLengua española- _xEtimología- _vDiccionarios _2 _9162364 |
|
| 852 |
_aES-MaACL _jA-3249 |
||
| 999 |
_c45740 _d45740 |
||